[Event "Internet Section 10A g/8'+2\""]
[Site "Dos Hermanas"]
[Date "2004.03.10"]
[Round "9"]
[White "Sretenskij, Nikolai V"]
[Black "Erdogdu, Mert"]
[Result "1-0"]
[WhiteElo "2407"]
[BlackElo "2359"]
[PlyCount "128"]
[EventDate "2004.03.10"]
[EventType "swiss (blitz)"]
[EventRounds "9"]
[EventCountry "ESP"]
[SourceTitle "EXT 2005"]
[Source "ChessBase"]
[SourceDate "2004.11.15"]
[SourceVersion "1"]
[SourceVersionDate "2004.11.15"]
[SourceQuality "1"]

1. Nf3 Nf6 2. c4 g6 3. Nc3 Bg7 4. e4 d6 5. d4 0-0 6. Be2 e5 7. 0-0 Nc6 8. d5 Ne7 9. b4 a5 10. Ba3 axb4 11. Bxb4 Nd7 12. a4 Bh6 13. a5 f5 14. Bd3 Kh8 15. Nd2 Ng8 16. Nb3 Ndf6 17. c5 fxe4 18. Nxe4 Nxe4 19. Bxe4 Nf6 20. Bf3 Bf5 21. cxd6 cxd6 22. Re1 Rf7 23. Nd2 Rc8 24. a6 bxa6 25. Rxa6 Bf8 26. Qa4 Rb7 27. Qa3 Rb6 28. Ra7 Rb5 29. Ra6 Rb6 30. Ra7 Rb5 31. Ra6 Ne8 32. Ne4 Bxe4 33. Bxe4 Rc4 34. Ra8 Qe7 35. Bd2 Rb7 36. g3 Kg7 37. Bd3 Rd4 38. Be3 Rdb4 39. Ba6 Rb3 40. Qa4 Rb1 41. Rxb1 Rxb1+ 42. Kg2 Qf7 43. Ra7 Be7 44. Qd7 Qxd5+ 45. Kh3 Qf7 46. Qxe7 Qxe7 47. Rxe7+ Kf8 48. Rxh7 Nf6 49. Ra7 d5 50. Bc5+ Kg8 51. Bc8 Rc1 52. Be6+ Kh8 53. Be3 Rc2 54. Bh6 Rxf2 55. Bg7+ Kh7 56. Bxf6+ Kh6 57. Bg7+ Kg5 58. Bxe5 Re2 59. Bf4+ Kf6 60. Bxd5 g5 61. Ra6+ Kf5 62. Be6+ Ke4 63. Bxg5 Kf3 64. Bg4+ Kf2 1-0

[Event "Internet Section 10A g/8'+2\""]
[Site "Dos Hermanas"]
[Date "2004.03.10"]
[Round "3"]
[White "Sretenskij, Nikolai V"]
[Black "Moiseenko, Alexander"]
[Result "0-1"]
[WhiteElo "2407"]
[BlackElo "2625"]
[PlyCount "94"]
[EventDate "2004.03.10"]
[EventType "swiss (blitz)"]
[EventRounds "9"]
[EventCountry "ESP"]
[SourceTitle "EXT 2005"]
[Source "ChessBase"]
[SourceDate "2004.11.15"]
[SourceVersion "1"]
[SourceVersionDate "2004.11.15"]
[SourceQuality "1"]

1. Nf3 c5 2. c4 Nc6 3. g3 g6 4. Bg2 Bg7 5. 0-0 e5 6. Nc3 Nge7 7. Ne1 0-0 8. Nc2 f5 9. Ne3 f4 10. Ned5 d6 11. d3 Nf5 12. Rb1 Bd7 13. b4 Rb8 14. bxc5 dxc5 15. Bd2 b6 16. e3 fxg3 17. fxg3 Kh8 18. Qe2 Nce7 19. Nxe7 Qxe7 20. a4 h5 21. a5 bxa5 22. Nd5 Qg5 23. Bxa5 Rxb1 24. Rxb1 h4 25. g4 Nh6 26. h3 Nxg4 27. hxg4 Bxg4 28. Qd2 h3 29. Be4 Be2+ 30. Kh1 Rf2 31. Rg1 Qh5 32. Rg3 Qh4 33. Rxg6 Bf3+ 34. Bxf3 Rxd2 35. Bxd2 Qf2 36. Be4 Qxd2 37. Rc6 Bf8 38. Rc7 Qe1+ 39. Kh2 Qf2+ 40. Kxh3 a5 41. Ra7 Qf1+ 42. Kg3 Kg8 43. Ra8 Kg7 44. Ra7+ Kh6 45. Kg4 Qg1+ 46. Kf5 Qg6+ 47. Kxe5 Bd6# 0-1

[Event "Internet Section 09A g/8'+2\""]
[Site "Dos Hermanas"]
[Date "2004.03.09"]
[Round "5"]
[White "Sretenskij, Nikolai V"]
[Black "Zhang Yushkov, Nikolai"]
[Result "1-0"]
[WhiteElo "2407"]
[BlackElo "2168"]
[PlyCount "177"]
[EventDate "2004.03.09"]
[EventType "swiss (blitz)"]
[EventRounds "9"]
[EventCountry "ESP"]
[SourceTitle "CBM 099 Extra"]
[Source "ChessBase"]
[SourceDate "2004.05.04"]
[SourceVersion "1"]
[SourceVersionDate "2004.05.04"]
[SourceQuality "1"]

1. Nf3 e6 2. c4 f5 3. Nc3 Nf6 4. d3 d5 5. d4 c6 6. Bf4 Be7 7. e3 0-0 8. h3 Ne4 9. Be2 a5 10. 0-0 g5 11. Bh2 Qe8 12. Ne5 Nd7 13. f3 Nxc3 14. bxc3 Qg6 15. cxd5 exd5 16. Nxg6 hxg6 17. e4 f4 18. exd5 cxd5 19. c4 Nf6 20. cxd5 Rd8 21. Bc4 b5 22. Bxb5 Nxd5 23. Re1 Bf6 24. Bc4 Kg7 25. Bxd5 Rxd5 26. Kh1 Rxd4 27. Qb3 Rb4 28. Qd5 Rab8 29. Rad1 Bf5 30. Bg1 R4b5 31. Qd6 a4 32. Bd4 Bxd4 33. Re7+ Kh6 34. Qxd4 Kh5 35. a3 Rb2 36. Kh2 g4 37. fxg4+ Bxg4 38. Qxf4 Bxd1 39. Re5+ g5 40. Qf7+ Kh6 41. Qf6+ Kh7 42. Re7+ Kg8 43. Qg6+ Kf8 44. Qf6+ Kg8 45. Qxg5+ Kf8 46. Qf6+ Kg8 47. Rg7+ Kh8 48. Rd7+ Kg8 49. Rxd1 R8b3 50. Rd8+ Kh7 51. Rd7+ Kg8 52. Rg7+ Kh8 53. Ra7+ Kg8 54. Qg5+ Kh8 55. Rxa4 Ra2 56. Ra8+ Kh7 57. Qf5+ Kh6 58. Qe6+ Kh7 59. Qxb3 Ra1 60. Qd3+ Kg7 61. Qc3+ Kh7 62. Qxa1 Kh6 63. a4 Kg6 64. a5 Kf7 65. a6 Ke7 66. a7 Kd7 67. Rh8 Kc7 68. a8N+ Kb7 69. h4 Kc6 70. h5 Kd7 71. h6 Ke6 72. h7 Kf7 73. Rb8 Kg6 74. h8N+ Kf5 75. Qf1+ Ke6 76. g4 Kd5 77. Qf4 Kc6 78. g5 Kd7 79. g6 Ke6 80. g7 Kd5 81. g8N Kc6 82. Kg3 Kd7 83. Ng6 Ke6 84. Nh4 Kd5 85. Nc7+ Kc6 86. Ne7+ Kd7 87. Ncd5 Ke6 88. Nhg6 Kd7 89. Nf8# 1-0

[Event "Internet Section 06A g/8'+2\""]
[Site "Dos Hermanas"]
[Date "2004.03.06"]
[Round "2"]
[White "Acevedo, Salmir"]
[Black "Sretenskij, Nikolai V"]
[Result "0-1"]
[WhiteElo "2100"]
[BlackElo "2407"]
[PlyCount "58"]
[EventDate "2004.03.06"]
[EventType "swiss (blitz)"]
[EventRounds "9"]
[EventCountry "ESP"]
[SourceTitle "CBM 099 Extra"]
[Source "ChessBase"]
[SourceDate "2004.05.04"]
[SourceVersion "1"]
[SourceVersionDate "2004.05.04"]
[SourceQuality "1"]

1. e4 c5 2. Nf3 Nc6 3. c3 Nf6 4. e5 Nd5 5. d4 cxd4 6. cxd4 g6 7. Bc4 Nb6 8. Bb3 Bg7 9. 0-0 0-0 10. Qe2 d5 11. h3 Bf5 12. Nc3 Na5 13. Bd1 Rc8 14. g4 Bd7 15. Bg5 a6 16. Rc1 h6 17. Bh4 Bb5 18. Nxb5 Rxc1 19. Nc3 Nc6 20. Qd2 Ra1 21. b3 g5 22. Bg3 f5 23. Kg2 Qd7 24. Ng1 f4 25. Bh2 Qc7 26. Qb2 Nxd4 27. Qxa1 Qxe5 28. Nce2 Qe4+ 29. Nf3 Qxf3+ 0-1

[Event "Internet Section 06A g/8'+2\""]
[Site "Dos Hermanas"]
[Date "2004.03.06"]
[Round "8"]
[White "Zapolskis, Antanas J"]
[Black "Sretenskij, Nikolai V"]
[Result "0-1"]
[WhiteElo "2375"]
[BlackElo "2407"]
[PlyCount "90"]
[EventDate "2004.03.06"]
[EventType "swiss (blitz)"]
[EventRounds "9"]
[EventCountry "ESP"]
[SourceTitle "CBM 099 Extra"]
[Source "ChessBase"]
[SourceDate "2004.05.04"]
[SourceVersion "1"]
[SourceVersionDate "2004.05.04"]
[SourceQuality "1"]

1. e4 c5 2. Nf3 Nc6 3. Bb5 Na5 4. 0-0 a6 5. Be2 b5 6. d4 cxd4 7. Nxd4 Qc7 8. Nc3 Bb7 9. Nd5 Bxd5 10. exd5 e5 11. dxe6 dxe6 12. a4 b4 13. Be3 Nf6 14. Qd3 Bd6 15. h3 0-0 16. Bf3 Nd5 17. Bxd5 exd5 18. Nf5 Be5 19. Bd4 Nc6 20. c3 Nxd4 21. cxd4 Bf6 22. Rac1 Qd7 23. b3 Qe6 24. Rfe1 Qb6 25. Rc5 Rac8 26. Rec1 Rxc5 27. Rxc5 Qe6 28. Ne3 Bg5 29. Nxd5 Qe1+ 30. Qf1 Qd2 31. Rc4 Re8 32. Kh2 h5 33. f4 Bd8 34. Qf3 h4 35. Rxb4 g6 36. Rc4 Kg7 37. f5 Re1 38. f6+ Kh7 39. Rc8 Qxd4 40. Ne3 Rxe3 41. Qf1 Qe5+ 42. Kg1 Bb6 43. a5 Re1+ 44. axb6 Qe3+ 45. Kh2 Rxf1 0-1

[Event "Internet Section 06A g/8'+2\""]
[Site "Dos Hermanas"]
[Date "2004.03.06"]
[Round "6"]
[White "Zumbado Gutierrez, Marco Antonio"]
[Black "Sretenskij, Nikolai V"]
[Result "0-1"]
[WhiteElo "2011"]
[BlackElo "2407"]
[PlyCount "94"]
[EventDate "2004.03.06"]
[EventType "swiss (blitz)"]
[EventRounds "9"]
[EventCountry "ESP"]
[SourceTitle "CBM 099 Extra"]
[Source "ChessBase"]
[SourceDate "2004.05.04"]
[SourceVersion "1"]
[SourceVersionDate "2004.05.04"]
[SourceQuality "1"]

1. e4 c5 2. Nf3 Nc6 3. d4 cxd4 4. Nxd4 Qc7 5. Nxc6 dxc6 6. Bd3 e5 7. 0-0 Nf6 8. Nc3 Be6 9. Be3 Nd7 10. f4 exf4 11. Bxf4 Bd6 12. Bxd6 Qxd6 13. Kh1 Ne5 14. Be2 Qxd1 15. Raxd1 Rd8 16. b3 Ke7 17. Na4 b6 18. h3 Rxd1 19. Rxd1 h5 20. c4 h4 21. Kg1 g5 22. c5 b5 23. Nc3 a5 24. a3 Bxb3 25. Rd6 Bc2 26. Kf2 b4 27. axb4 axb4 28. Nd1 b3 29. Rd4 Bxd1 30. Bxd1 Rb8 31. Ra4 b2 32. Ra7+ Ke6 33. Bc2 b1Q 34. Bxb1 Rxb1 35. Ke3 Rb3+ 36. Kf2 Rb2+ 37. Kf1 Rc2 38. Ra5 Rc4 39. Kf2 Rxe4 40. Ra8 Rc4 41. Re8+ Kf5 42. Ke3 Rxc5 43. Kd4 Rc4+ 44. Ke3 Re4+ 45. Kd2 Nc4+ 46. Kd3 Rxe8 47. Kxc4 Re2 0-1

[Event "Internet Section 18-A"]
[Site "Dos Hermanas"]
[Date "2003.03.18"]
[Round "8"]
[White "Sretenskij, Nikolai V"]
[Black "Heimsoth, Sven Holger"]
[Result "1-0"]
[WhiteElo "2407"]
[BlackElo "2171"]
[PlyCount "63"]
[EventDate "2003.03.18"]
[EventType "swiss (blitz)"]
[EventRounds "9"]
[EventCountry "ESP"]
[SourceTitle "EXT 2004"]
[Source "ChessBase"]
[SourceDate "2003.11.25"]
[SourceVersion "1"]
[SourceVersionDate "2003.11.25"]
[SourceQuality "1"]

1. d4 c5 2. d5 Nf6 3. c4 e6 4. Nc3 exd5 5. cxd5 d6 6. e4 g6 7. Nf3 Bg7 8. h3 0-0 9. Bd3 a6 10. a4 Qc7 11. 0-0 Nbd7 12. Be3 b6 13. Nd2 Re8 14. f4 Bb7 15. Bf2 Nh5 16. Bh4 Bd4+ 17. Kh1 Be3 18. Nc4 Bxf4 19. Qf3 Ne5 20. Nxe5 Bxe5 21. Ne2 Ng7 22. Bf6 Bxf6 23. Qxf6 Qe7 24. Qf3 Bc8 25. Nc3 Ra7 26. Rf2 Qe5 27. Raf1 f5 28. exf5 Bxf5 29. Re2 Qd4 30. Rxe8+ Nxe8 31. Bxf5 gxf5 32. Qxf5 1-0

[Event "Internet Section 18-A"]
[Site "Dos Hermanas"]
[Date "2003.03.18"]
[Round "4"]
[White "Sretenskij, Nikolai V"]
[Black "Montero Martinez, Cristian"]
[Result "1-0"]
[WhiteElo "2407"]
[BlackElo "2241"]
[PlyCount "107"]
[EventDate "2003.03.18"]
[EventType "swiss (blitz)"]
[EventRounds "9"]
[EventCountry "ESP"]
[SourceTitle "EXT 2004"]
[Source "ChessBase"]
[SourceDate "2003.11.25"]
[SourceVersion "1"]
[SourceVersionDate "2003.11.25"]
[SourceQuality "1"]

1. d4 g6 2. c4 Bg7 3. e4 d6 4. Nc3 Nc6 5. Be3 e5 6. d5 Nd4 7. Nge2 Bg4 8. h3 Bxe2 9. Nxe2 Nxe2 10. Bxe2 f5 11. exf5 gxf5 12. Bh5+ Kf8 13. 0-0 f4 14. Bd2 Nf6 15. g3 Ne4 16. Be1 Qg5 17. Bg4 h5 18. Be6 Ke7 19. Qf3 Nc5 20. Bd2 Raf8 21. b4 e4 22. Bxf4 Qg6 23. Qe3 Nd3 24. Bg5+ Bf6 25. Bxf6+ Rxf6 26. c5 Rhf8 27. cxd6+ Kxd6 28. Rae1 b6 29. Qxe4 Qxe4 30. Rxe4 Nxb4 31. Rxb4 c5 32. Rh4 Rh8 33. g4 Rg6 34. f4 b5 35. f5 Rg5 36. f6 c4 37. f7 Rf8 38. a3 a5 39. Rxh5 Rxh5 40. gxh5 b4 41. axb4 axb4 42. Kf2 b3 43. Ke3 c3 44. Kd3 c2 45. Kc3 Rb8 46. Kb2 Ke7 47. h6 Kf8 48. h7 Kg7 49. Rg1+ Kxh7 50. Rg8 c1Q+ 51. Kxc1 b2+ 52. Kb1 Ra8 53. Rxa8 Kh6 54. f8Q+ 1-0

[Event "Internet Section 18-A"]
[Site "Dos Hermanas"]
[Date "2003.03.18"]
[Round "3"]
[White "Vasiliev, Olga"]
[Black "Sretenskij, Nikolai V"]
[Result "0-1"]
[WhiteElo "2147"]
[BlackElo "2407"]
[PlyCount "60"]
[EventDate "2003.03.18"]
[EventType "swiss (blitz)"]
[EventRounds "9"]
[EventCountry "ESP"]
[SourceTitle "EXT 2004"]
[Source "ChessBase"]
[SourceDate "2003.11.25"]
[SourceVersion "1"]
[SourceVersionDate "2003.11.25"]
[SourceQuality "1"]

1. e4 c5 2. Nf3 e6 3. d4 cxd4 4. Nxd4 Nc6 5. Nc3 Qc7 6. f4 a6 7. Nf3 Bc5 8. Bd3 b5 9. Qe2 Nd4 10. Nxd4 Bxd4 11. Nd1 Ne7 12. c3 Bb6 13. Be3 Ng6 14. 0-0 Bb7 15. Kh1 0-0 16. Bd2 f5 17. e5 Nh4 18. Rf3 Bxf3 19. gxf3 Qc6 20. Be3 Nxf3 21. Qg2 Bxe3 22. Nxe3 Nh4 23. Qxc6 dxc6 24. Kg1 Rad8 25. Rd1 g5 26. fxg5 Nf3+ 27. Kf2 Nxe5 28. Ke2 Nxd3 29. Rxd3 Rxd3 30. Kxd3 Kg7 0-1

[Event "Internet Section 17-A"]
[Site "Dos Hermanas"]
[Date "2003.03.17"]
[Round "7"]
[White "Sretenskij, Nikolai V"]
[Black "Anagnostopoulos, Dimitrios"]
[Result "1/2-1/2"]
[WhiteElo "2407"]
[BlackElo "2437"]
[PlyCount "103"]
[EventDate "2003.03.17"]
[EventType "swiss (blitz)"]
[EventRounds "9"]
[EventCountry "ESP"]
[SourceTitle "EXT 2004"]
[Source "ChessBase"]
[SourceDate "2003.11.25"]
[SourceVersion "1"]
[SourceVersionDate "2003.11.25"]
[SourceQuality "1"]

1. d4 Nf6 2. c4 g6 3. Nc3 Bg7 4. e4 d6 5. Nf3 0-0 6. Be2 e5 7. 0-0 Nc6 8. d5 Ne7 9. b4 a5 10. bxa5 Rxa5 11. a4 c5 12. Ra3 Nd7 13. Nb5 Ra6 14. Re1 h6 15. g3 f5 16. exf5 gxf5 17. Nh4 e4 18. f4 exf3 19. Rxf3 Ne5 20. Rff1 N7g6 21. Nxg6 Nxg6 22. Kh1 Bd7 23. Be3 Ne5 24. Bf4 Bxb5 25. axb5 Ra2 26. Bxe5 Bxe5 27. Bd3 Qg5 28. Re2 Ra1 29. Qxa1 Bxa1 30. Rxa1 f4 31. gxf4 Qxf4 32. Rg2+ Kh8 33. Rf1 Qxf1+ 34. Bxf1 Rxf1+ 35. Rg1 Rf6 36. Re1 Rf4 37. Re6 Rxc4 38. Rxh6+ Kg7 39. Rxd6 Rb4 40. Rb6 c4 41. Rxb7+ Kf6 42. d6 Rb2 43. Rc7 Rxb5 44. Rxc4 Rd5 45. Rc6 Ke6 46. Kg2 Rxd6 47. Rxd6+ Kxd6 48. Kg3 Ke6 49. Kg4 Kf6 50. Kh5 Kg7 51. Kg5 Kh7 52. Kh5 1/2-1/2

[Event "Internet Section 14-A"]
[Site "Dos Hermanas"]
[Date "2003.03.14"]
[Round "3"]
[White "Sretenskij, Nikolai V"]
[Black "Benvenuti, Carlo"]
[Result "1-0"]
[WhiteElo "2407"]
[BlackElo "2174"]
[PlyCount "82"]
[EventDate "2003.03.14"]
[EventType "swiss (blitz)"]
[EventRounds "9"]
[EventCountry "ESP"]
[SourceTitle "EXT 2004"]
[Source "ChessBase"]
[SourceDate "2003.11.25"]
[SourceVersion "1"]
[SourceVersionDate "2003.11.25"]
[SourceQuality "1"]

1. d4 d6 2. c4 e5 3. Nf3 Nc6 4. e4 Nf6 5. Nc3 Bg4 6. d5 Nb8 7. Qb3 Qc8 8. Nd2 Nbd7 9. Qa4 Be7 10. f3 Bh5 11. g4 Bg6 12. h4 h5 13. g5 Nh7 14. Bh3 c6 15. Nb3 0-0 16. dxc6 bxc6 17. Na5 Nc5 18. Bxc8 Nxa4 19. Nxc6 Nxc3 20. Nxe7+ Kh8 21. Bd7 Rad8 22. Bc6 d5 23. bxc3 dxe4 24. Ba3 exf3 25. Nxg6+ fxg6 26. Bxf8 Rxf8 27. Kf2 Rc8 28. Bd5 Nf8 29. Kxf3 Nd7 30. Ke4 Nc5+ 31. Kxe5 Re8+ 32. Kd4 Na4 33. Rhe1 Rc8 34. Re7 Kh7 35. Rf1 Nb6 36. Rff7 Kh8 37. Rxg7 Nxd5 38. cxd5 a5 39. d6 a4 40. d7 Rd8 41. Re8+ Kxg7 1-0

[Event "Internet Section 14-A"]
[Site "Dos Hermanas"]
[Date "2003.03.14"]
[Round "8"]
[White "Tratar, Marko"]
[Black "Sretenskij, Nikolai V"]
[Result "1/2-1/2"]
[WhiteElo "2451"]
[BlackElo "2407"]
[PlyCount "119"]
[EventDate "2003.03.14"]
[EventType "swiss (blitz)"]
[EventRounds "9"]
[EventCountry "ESP"]
[SourceTitle "EXT 2004"]
[Source "ChessBase"]
[SourceDate "2003.11.25"]
[SourceVersion "1"]
[SourceVersionDate "2003.11.25"]
[SourceQuality "1"]

1. Nf3 d5 2. d4 Nf6 3. c4 c6 4. e3 a6 5. Qc2 b5 6. b3 e6 7. Bd3 Nbd7 8. Nbd2 Bb7 9. 0-0 Be7 10. Bb2 0-0 11. a4 bxc4 12. bxc4 h6 13. c5 a5 14. Bc3 Qc8 15. Rfb1 Ba6 16. Ra3 Bxd3 17. Qxd3 e5 18. Qe2 exd4 19. exd4 Re8 20. Qd3 Nf8 21. Rab3 Ng6 22. g3 Ne4 23. Nxe4 dxe4 24. Qxe4 Bxc5 25. Qd3 Bf8 26. Bd2 Qe6 27. Rb7 Qd5 28. Qb3 Ne7 29. Qxd5 Nxd5 30. Ne5 c5 31. Rd7 Nf6 32. Rxf7 cxd4 33. f4 Ne4 34. Be1 Bc5 35. Rbb7 d3+ 36. Kg2 Bf8 37. Rbd7 Rad8 38. Rxd8 Rxd8 39. Bxa5 Rd5 40. Be1 d2 41. Bxd2 Rxd2+ 42. Kf3 Nf6 43. Ra7 Ra2 44. h4 h5 45. f5 Ra3+ 46. Ke2 Rxg3 47. Ng6 Kh7 48. Nxf8+ Kh6 49. Ne6 Rg4 50. a5 Rxh4 51. Rxg7 Re4+ 52. Kf3 Rxe6 53. fxe6 Kxg7 54. a6 Ne8 55. a7 Nc7 56. e7 Kf7 57. Kf4 Kxe7 58. Kg5 Na8 59. Kxh5 Ke6 60. Kg4 1/2-1/2

[Event "ICC-ch blitz fin"]
[Site "ICC INT"]
[Date "2002.08.18"]
[Round "2.4"]
[White "Ehlvest, Jaan"]
[Black "Sretenskij, Nikolai V"]
[Result "1-0"]
[WhiteElo "2600"]
[BlackElo "2427"]
[PlyCount "123"]
[EventDate "2002.08.17"]
[EventType "k.o. (blitz)"]
[EventRounds "6"]
[EventCountry "USA"]
[SourceTitle "EXT 2003"]
[Source "ChessBase"]
[SourceDate "2002.11.25"]
[SourceVersion "1"]
[SourceVersionDate "2002.11.25"]
[SourceQuality "1"]

1. e4 e6 2. d4 d5 3. Nd2 c5 4. Ngf3 Nc6 5. Bb5 cxd4 6. Nxd4 Bd7 7. Nxc6 Bxc6 8. Bxc6+ bxc6 9. c4 Nf6 10. Qa4 Qd7 11. e5 Ng8 12. 0-0 Ne7 13. Nf3 Ng6 14. Be3 Be7 15. Rac1 f6 16. exf6 Bxf6 17. b4 Ne7 18. Rfe1 0-0 19. Bc5 Rfe8 20. Rcd1 Nf5 21. g3 Qb7 22. Qc2 Rad8 23. Ne5 Qc7 24. Ng4 Qf7 25. Re2 h5 26. Ne5 Bxe5 27. Rxe5 h4 28. g4 Nd6 29. Bxd6 Rxd6 30. Rh5 g6 31. Rxh4 e5 32. Rh3 Rf6 33. cxd5 cxd5 34. Rc3 Rf8 35. Rd2 Qe6 36. h3 R8f7 37. b5 Qb6 38. a4 e4 39. Rc6 Rxc6 40. Qxc6 Qxc6 41. bxc6 Rc7 42. Rxd5 Rxc6 43. Ra5 a6 44. Kf1 Kf7 45. Ke2 Kf6 46. Ke3 Re6 47. h4 Ke7 48. Kf4 Kf6 49. h5 gxh5 50. Rxh5 Kg6 51. Re5 Rf6+ 52. Rf5 Rb6 53. g5 Rb2 54. Rf6+ Kg7 55. Kxe4 Rb4+ 56. Kf5 Rxa4 57. f4 Ra1 58. Rb6 a5 59. Rb7+ Kf8 60. Kf6 Ke8 61. g6 a4 62. g7 1-0

[Event "ICC-ch blitz fin"]
[Site "ICC INT"]
[Date "2002.08.17"]
[Round "1.2"]
[White "Zarnicki, Pablo Adrian"]
[Black "Sretenskij, Nikolai V"]
[Result "1/2-1/2"]
[WhiteElo "2499"]
[BlackElo "2427"]
[PlyCount "171"]
[EventDate "2002.08.17"]
[EventType "k.o. (blitz)"]
[EventRounds "6"]
[EventCountry "USA"]
[SourceTitle "EXT 2003"]
[Source "ChessBase"]
[SourceDate "2002.11.25"]
[SourceVersion "1"]
[SourceVersionDate "2002.11.25"]
[SourceQuality "1"]

1. e4 e6 2. d3 d5 3. Qe2 dxe4 4. dxe4 Nc6 5. Nf3 e5 6. c3 a5 7. Qc2 Bd6 8. Nbd2 Nf6 9. Bb5 0-0 10. Bxc6 bxc6 11. 0-0 Qe7 12. Re1 Bc5 13. Nb3 Bb6 14. Be3 Ng4 15. Bxb6 cxb6 16. h3 Nf6 17. Rad1 Be6 18. Qd2 a4 19. Nc1 Rfd8 20. Qg5 Rxd1 21. Rxd1 Rd8 22. Re1 Qd6 23. Qxe5 Qxe5 24. Nxe5 Rd2 25. b3 axb3 26. axb3 Nxe4 27. Nf3 Rc2 28. Nd4 Rd2 29. Rxe4 Rd1+ 30. Kh2 Rxc1 31. c4 Rc3 32. Nxe6 fxe6 33. Rxe6 Rxb3 34. Rxc6 b5 35. c5 Rc3 36. g4 b4 37. Kg2 b3 38. Rb6 Rxc5 39. Rxb3 h6 40. Kg3 Rc4 41. h4 Ra4 42. h5 Rc4 43. f3 Ra4 44. Re3 Rc4 45. Re4 Rc6 46. Re5 Rc4 47. Re3 Ra4 48. f4 Rb4 49. Kf3 Ra4 50. f5 Kf7 51. Re4 Ra3+ 52. Kf4 Ra1 53. Rb4 Rf1+ 54. Ke5 Re1+ 55. Kd5 Rd1+ 56. Rd4 Re1 57. Re4 Rd1+ 58. Ke5 Rf1 59. Re2 Ra1 60. Rb2 Re1+ 61. Kf4 Rf1+ 62. Ke3 Rg1 63. Kf3 Rf1+ 64. Kg2 Rc1 65. Rb7+ Kf6 66. Rb6+ Kf7 67. Re6 Rc2+ 68. Kf3 Rc3+ 69. Kf4 Rc4+ 70. Re4 Rc1 71. Ra4 Rf1+ 72. Ke5 Re1+ 73. Kd5 Rd1+ 74. Rd4 Re1 75. Re4 Rd1+ 76. Ke5 Ra1 77. Re2 Ra4 78. Rg2 Rb4 79. g5 hxg5 80. Rxg5 Rh4 81. Rg1 Rxh5 82. Ra1 Rh2 83. Ra7+ Kg8 84. Ra8+ Kf7 85. Ra7+ Kg8 86. Ra8+ 1/2-1/2

[Event "Moscow-ch 1/2 final"]
[Site "Moscow"]
[Date "2002.??.??"]
[Round "10"]
[White "Kachar, Vladimir"]
[Black "Sretenskij, Nikolai V"]
[Result "1-0"]
[WhiteElo "2303"]
[BlackElo "2423"]
[PlyCount "79"]
[EventDate "2002.03.??"]
[EventType "swiss"]
[EventRounds "11"]
[EventCountry "RUS"]
[SourceTitle "EXT 2003"]
[Source "ChessBase"]
[SourceDate "2002.11.25"]
[SourceVersion "1"]
[SourceVersionDate "2002.11.25"]
[SourceQuality "1"]

1. c4 c6 2. Nf3 d5 3. e3 Nf6 4. d4 e6 5. Bd3 dxc4 6. Bxc4 b5 7. Bd3 Bb7 8. 0-0 a6 9. a4 Nbd7 10. e4 b4 11. Nbd2 c5 12. e5 Nd5 13. Ne4 cxd4 14. Re1 Nc5 15. Bb1 d3 16. Nxc5 Bxc5 17. Bxd3 Qb6 18. Qe2 a5 19. Bb5+ Bc6 20. Bd3 h6 21. Bd2 0-0-0 22. Rec1 Kb8 23. g3 Bb7 24. Bb5 f5 25. exf6 gxf6 26. Rc4 e5 27. Rac1 Rc8 28. Nxe5 fxe5 29. Rxc5 Qd6 30. Rxc8+ Rxc8 31. Rxc8+ Bxc8 32. Qd3 Bb7 33. Be3 Qf6 34. Bc5 Qg5 35. Qc2 Ka8 36. Bf1 Nf4 37. Be3 Qd8 38. Qc5 Nh3+ 39. Bxh3 Qd1+ 40. Bf1 1-0

[Event "Geller Memorial op"]
[Site "Moscow"]
[Date "2001.??.??"]
[Round "7"]
[White "Riazantsev, Alexander"]
[Black "Sretenskij, Nikolai V"]
[Result "1-0"]
[WhiteElo "2485"]
[BlackElo "2423"]
[PlyCount "141"]
[EventDate "2001.10.26"]
[EventType "swiss"]
[EventRounds "9"]
[EventCountry "RUS"]
[SourceTitle "EXT 2002"]
[Source "ChessBase"]
[SourceDate "2001.11.25"]
[SourceVersion "1"]
[SourceVersionDate "2001.11.25"]
[SourceQuality "1"]

1. d4 d5 2. c4 c6 3. Nf3 Nf6 4. Nc3 dxc4 5. a4 Bf5 6. e3 e6 7. Bxc4 Bb4 8. 0-0 0-0 9. Nh4 Nbd7 10. Qb3 Qe7 11. f3 a5 12. e4 Bg6 13. Nxg6 hxg6 14. Na2 e5 15. Nxb4 axb4 16. Be3 Ra5 17. Bd2 b5 18. Qxb4 Qxb4 19. Bxb4 bxc4 20. Bxa5 exd4 21. Rfc1 Ra8 22. Bc7 c3 23. bxc3 Nc5 24. cxd4 Nb3 25. a5 Ra6 26. Rab1 Nxc1 27. Rxc1 Nd7 28. Bb6 Nxb6 29. Rxc6 Rxa5 30. Rxb6 g5 31. Kf2 Ra2+ 32. Kg3 f6 33. Rb1 Kf7 34. Rf1 Rd2 35. d5 f5 36. Ra1 Rd4 37. Ra7+ Kf6 38. Ra6+ Kf7 39. Re6 Rd3 40. exf5 Rxd5 41. Kg4 Rd2 42. g3 Rxh2 43. Kxg5 Ra2 44. g4 Ra3 45. f4 Ra4 46. Rb6 Ra5 47. Rb7+ Kf8 48. Kh5 Rc5 49. Kh4 Ra5 50. Rb1 Kf7 51. Re1 Ra4 52. Kg3 Ra3+ 53. Kf2 Ra2+ 54. Kf3 Ra3+ 55. Re3 Ra5 56. Rd3 Ra1 57. g5 Rf1+ 58. Kg3 Rg1+ 59. Kf2 Ra1 60. Rd7+ Kf8 61. Kg3 Ra5 62. Kg4 Ra6 63. Kh5 Rb6 64. Ra7 Rc6 65. f6 gxf6 66. g6 Kg8 67. Kh6 Rc8 68. f5 Rb8 69. g7 Rc8 70. Kg6 Rb8 71. Rf7 1-0

[Event "Geller Memorial op"]
[Site "Moscow"]
[Date "2001.??.??"]
[Round "4"]
[White "Sretenskij, Nikolai V"]
[Black "Shamugia, Shavlegi"]
[Result "1-0"]
[WhiteElo "2423"]
[BlackElo "2208"]
[PlyCount "70"]
[EventDate "2001.10.26"]
[EventType "swiss"]
[EventRounds "9"]
[EventCountry "RUS"]
[SourceTitle "EXT 2002"]
[Source "ChessBase"]
[SourceDate "2001.11.25"]
[SourceVersion "1"]
[SourceVersionDate "2001.11.25"]
[SourceQuality "1"]

1. d4 d5 2. c4 e6 3. Nc3 c5 4. cxd5 exd5 5. Nf3 Nc6 6. g3 Nf6 7. Bg2 Be7 8. 0-0 0-0 9. Bf4 c4 10. Ne5 Be6 11. b3 Qa5 12. Nxc6 bxc6 13. Na4 Rac8 14. bxc4 dxc4 15. Bd2 Qh5 16. e4 Qg6 17. f3 Rfd8 18. Be3 h5 19. Qe1 Nd7 20. Rb1 Bd6 21. Qf2 Nb8 22. Rb7 a5 23. Rc1 Ba3 24. Rc2 Na6 25. g4 f5 26. Nb6 fxe4 27. Nxc8 Rxc8 28. g5 Bf5 29. Ra7 Nb4 30. Qd2 Nd5 31. Bf4 Nxf4 32. Qxf4 Bd6 33. Qe3 h4 34. d5 Be5 35. Qc5 Qxg5 1-0